书目信息 |
| 题名: |
汽车之父:福特
|
|
| 作者: | 蚌珠 , 焱飚 编著 | |
| 分册: | ||
| 出版信息: | 北京 光明日报出版社 1997.06 |
|
| 页数: | 371页 | |
| 开本: | 32开 | |
| 丛书名: | ||
| 单 册: | ||
| 中图分类: | K837.126.16 | |
| 科图分类: | ||
| 主题词: | 历史 , 地理 | |
| 电子资源: | ||
| ISBN: | 7-80091-964-1 | |
| 000 | 00602nam0 2200217 45 | |
| 001 | 0011021689 | |
| 005 | 20001102161952.2 | |
| 010 | @a7-80091-964-1@d18.50元 | |
| 100 | @a20001102d1997 km y0chiy0120 ea | |
| 101 | 0 | @achi |
| 105 | @a z 000yy | |
| 200 | 1 | @a汽车之父:福特@AQi Che Zhi Fu:Fu Te@f蚌珠,焱飚编著@FBang Zhu,Yan Biao Bian Zhu |
| 210 | @a北京@c光明日报出版社@d1997.06 | |
| 215 | @a371页@d32开 | |
| 606 | 0 | @a历史 |
| 606 | 0 | @a地理 |
| 690 | @aK837.126.16@v3 | |
| 701 | 0 | @a蚌珠@4编著 |
| 701 | 0 | @a焱飚@4编著 |
| 801 | @aCN@bPftUser@c20001102 | |
| 905 | @b196649-650@dK837.126.16@eB597@f2 | |
| 汽车之父:福特/蚌珠,焱飚编著.-北京:光明日报出版社,1997.06 |
| 371页;32开 |
| ISBN 7-80091-964-1:18.50元 |
| ● |
| 相关链接 |
|
|
|
正题名:汽车之父:福特
索取号:K837.126.16/B597
 
预约/预借
| 序号 | 登录号 | 条形码 | 馆藏地/架位号 | 状态 | 备注 |
| 1 | 196649 | 201966499 | 社科库309/309社科库 5排2列6层/ [索取号:K837.126.16/B597] | 在馆 | |
| 2 | 196650 | 201966505 | 社科库309/309社科库 5排2列6层/ [索取号:K837.126.16/B597] | 在馆 |